| 000 | 00560nam a22001337a 4500 | ||
|---|---|---|---|
| 040 | _cRUA | ||
| 082 | _aAGR SUK 2017 B636 Or.1 | ||
| 100 | _aSUK PHEARY ស៊ុក ភារី | ||
| 245 | _aefffect of different rates of imo 5 fertilizer on bok choy (Brassica chinensis) ឥទ្ធពលនៃជី IMO៥ ខុសគ្នាលើដំណាំស្ពៃតឿ | ||
| 260 |
_aRUA _bphnom penh _c2017 |
||
| 300 |
_aviii;32p _bill; _c29cm |
||
| 856 | _uhttps://drive.google.com/file/d/1P4V5ZFWFa26QefcQK7l0SVWYusVPCwkk/view?usp=sharing | ||
| 942 | _cAGR | ||
| 999 |
_c18001 _d18001 |
||